Chansons françaises par paroles commençant par M - Statistiques

Statistiques générales
  • Ce quiz a été pris 175 fois
  • Le résultat moyen est 10 sur 20
Statistiques - réponses
Hint Réponse % Correct
Te parler du bon temps qu’est mort et je m’en fous Te dire que les méchants c’est pas nous Que si moi je suis barge ce n’est que de tes yeux Car ils ont l’avantage d’être deux Et entendre ton rire S’envoler aussi haut que s’envolent les cris des oiseaux Mistral gagnant
81%
Lever la tête bomber le torse Sans cesse redoubler d'efforts La vie ne m'en laisse pas le choix Je suis l'as qui bat le roi Ma philosophie
78%
C'est pas ma faute
Et quand je donne ma langue au chat
Je vois les autres
Tout prêts à se jeter sur moi
C'est pas ma faute à moi
Moi Lolita
78%
Prenez ma femme, le canapé Le micro-ondes, le frigidaire Et même jusqu'à ma vie privée De toute façon à découvert Je peux bien vendre mon âme au Diable Avec lui, on peut s'arranger Ma liberté de penser
74%
Elle danse tous les soirs Pour des marins largués Qui cherchent la bagarre Au ________ Macumba
69%
On t'invite à la magie Y a pas de raccourci Oublie tes soucis Et viens faire la folie Magic in the air
62%
Viens Mais ne viens pas quand je serai seule Tous les deux on se connaît déjà On s'est vus de près souviens-toi Viens Mais ne viens pas quand je serai seule Choisis plutôt un soir de gala Si tu veux danser avec moi Mourir sur scène
58%
Tu leur dis que mon métier C'est du vent Qu'on ne sait pas ce que je serai Dans un an Si ils savaient que pour toi avant De tous les chanteurs j'étais le plus grand Mon fils ma bataille
57%
Et quand tu ris
Je ris aussi
Tu aimes tellement la vie
Quel est donc ce froid
Que l'on sent en toi
Marcia baïla
50%
Où est donc passé ce chien Woooo yah ça y est je le vois Veux-tu venir ici Je n'le répèterai pas Veux-tu venir ici Mirza
50%
Il n'y a plus d'horloge plus de clocher
Dans le square les arbres sont couchés
Je reviens par le train de nuit
Sur le quai je la vois qui me sourit
Il faudra bien qu'elle comprenne à tout prix
Les {mots bleus}
46%
Y en a qui voudraient revoir la mer D'autres qui voudraient encore faire l'amour Une dernière fois Toi tu ferais quoi Et toi toi tu ferais quoi Mourir demain
46%
Oui je sais Cet air d’indifférence Qui est sa défense Vous fait souvent offense Mais quand elle est Parmi mes amis de faïence De faïence Je sais sa défaillance Ma préférence
40%
________ me dénigre
Me donne tous les noms d'oiseau
Mais les oiseaux, eux, sont libres
Puis son amour est une prison
Mauvais garçon
35%
Y en a huit heures par jour Qui tapent sur des machines Y en a qui font la cour Masculine féminine Y en a qui lèchent les bottes Comme on lèche des vitrines Et y en a même Mademoiselle chante le blues
34%
Ils quittent un à un le pays Pour s'en aller gagner leur vie Loin de la terre où ils sont nés Depuis longtemps ils en rêvaient De la ville et de ses secrets Du formica et du ciné Les vieux ça n'était pas original Quand ils s'essuyaient machinal D'un revers de manche les lèvres La {montagne}
30%
Porté disparu ________ Des jours et des jours tu dérivas Mais jamais jamais tu n'arrivas Là-bas Manureva
30%
Quand par l'hiver Bois et guérets Sont dépouillés De leurs attraits Mon beau sapin
27%
J'étais à peu près Je suis exactement La femme que j'espérais Le cœur enfin vivant Pour toi j'ai soulevé Un amour de géant J'ai fait ma guerre Marqué la terre Ma révolution
22%
Pourquoi aller en concert, tu m’as tout mis sur YouTube Tu m’aides à consommer car tu ne me parles qu’avec des pubs J’fais plus gaffe à l’orthographe depuis que je te parle avec mes doigts Mes gosses font plus d'toboggan, ils préfèrent jouer avec toi, baby Mon précieux
19%
Aucun quiz correspondant
Distribution des résultats
% des personnes avec chaque résultat
Percentile par nombre de réponses
Votre historique - résultats
Vous n’avez pas pris ce quiz